000 00665nam a2200289Ia 4500
005 20260324111827.0
008 008 260324s9999 xx 000 0 eng d
020 _a9781003414759
037 _aEBOOK
040 _aCRL
040 _beng
040 _cCRL
041 _2eng
041 _aeng
084 _qCRL
100 _aNicholas Tatsis
_91140185
245 2 _aA Glocal Town
245 0 _bSocial Change and Globalization
260 _bTaylor and Francis
260 _c2025
365 _a
365 _b230
856 _uhttp://www.taylorfrancis.com/books/9781003414759
942 _cEBOOK
999 _c1729118
_d1729118